| 000 -ლიდერი |
| ფიქსირებული სიგრძის საკონტროლო ველი |
01335nam a2200241Ia 4500 |
| 001 - საკონტროლო ნომერი |
| საკონტროლო ველი |
11202 |
| 003 - საკონტროლო ნომრის იდენტიფიკატორი |
| საკონტროლო ველი |
GE_BSU |
| 005 - ბოლო ოპერაციის თარიღი და დრო |
| საკონტროლო ველი |
20240124114400.0 |
| 008 - ფიქსირებული სიგრძის მონაცემთა ელემენტები - ზოგადი ინფორმაცია |
| ფიქსირებული სიგრძის საკონტროლო ველი |
181216s1998||||ge |||||||||||||| ||geo|| |
| 040 ## - კატალოგიზაციის წყარო |
| Transcribing agency |
GE_BSU |
| 041 ## - ენის კოდი |
| Language code of text/sound track or separate title |
geo |
| 080 ## - უნივერსალური ათობითი კლასიფიკაციის ინდექსი |
| Universal Decimal Classification number |
575(075.8) დ-43 |
| 100 ## - მთავარი ჩანაწერი - პიროვნების სახელი |
| Personal name |
დიასამიძე, ანზორ |
| 9 (RLIN) |
1109 |
| 245 ## - ცნობა სათაურის შესახებ |
| Title |
გენეტიკა : |
| Remainder of title |
სახელმძღვ. უმაღ. სასწ. ბიოლოგიის სპეც. სტუდ. / |
| Statement of responsibility, etc |
ანზორ დიასამიძე, ქეთევან დოლიძე; [რედ.: შ. გოლიაძე]; შოთა რუსთაველის სახ. ბათუმის სახელმწ. უნ-ტი. |
| 264 ## - წარმოების, გამოცემის, დისტრიბუციის და სხვა ცნობები |
| გამოცემის, წარმოების, დისტრიბუციის... ადგილი |
ბათუმი : |
| გამოცემის, წარმოების, დისტრიბუციის... სახელწოდება |
ბათუმის სახ. უნ-ტის გამ-ბა, |
| გამოცემის, წარმოების, დისტრიბუციის... თარიღი |
1998. |
| 300 ## - ფიზიკური აღწერა |
| Extent |
455 გვ.: |
| Other physical details |
ილ.; |
| Dimensions |
21სმ. |
| 504 ## - BIBLIOGRAPHY, ETC. NOTE |
| Bibliography, etc |
ბიბლიოგრ.: გვ. 448. |
| 653 ## - INDEX TERM--UNCONTROLLED |
| Uncontrolled term |
გენეტიკა |
| 653 ## - INDEX TERM--UNCONTROLLED |
| Uncontrolled term |
ევოლუციისა და ზოგადი სელექციის გენეტიკური საფუძვლები |
| 700 ## - ADDED ENTRY--PERSONAL NAME |
| Personal name |
დოლიძე, ქეთევან |
| Relator term |
ავტორი |
| 9 (RLIN) |
333 |
| 700 ## - ADDED ENTRY--PERSONAL NAME |
| Personal name |
გოლიაძე, შ. |
| Relator term |
რედაქტორი |
| 9 (RLIN) |
5400 |
| 942 ## - ADDED ENTRY ELEMENTS (KOHA) |
| Koha item type |
წიგნი |
| Source of classification or shelving scheme |
|